Capitals of Russian States - Statistics

General Stats
  • This quiz has been taken 45 times
  • The average score is 45 of 82
Answer Stats
Federal Subject Capital % Correct
Moscow (Moscow)
91%
Leningrad Saint Petersburg
88%
Omsk Omsk
79%
Perm Perm
79%
Irkutsk Irkutsk
76%
Kaliningrad Kaliningrad
76%
Kursk Kursk
76%
Murmansk Murmansk
76%
Orenburg Orenburg
76%
Rostov Rostov-on-Don
76%
Samara Samara
76%
Primorsky Vladivostok
76%
Volgograd Volgograd
76%
Krasnodar Krasnodar
74%
Nizhny Novgorod Nizhny Novgorod
74%
Novosibirsk Novosibirsk
74%
Oryol Oryol
74%
Tomsk Tomsk
74%
Tver Tver
74%
Bryansk Bryansk
71%
Ivanovo Ivanovo
71%
Kirov Kirov
71%
Magadan Magadan
71%
Penza Penza
71%
Novgorod Veliky Novgorod
71%
Arkhangelsk Arkhangelsk
68%
Astrakhan Astrakhan
68%
Belgorod Belgorod
68%
Chelyabinsk Chelyabinsk
68%
Tatarstan Kazan
68%
Lipetsk Lipetsk
68%
Pskov Pskov
68%
Ryazan Ryazan
68%
Smolensk Smolensk
68%
Vladimir Vladimir
68%
Chechnya Grozny
65%
Kostroma Kostroma
65%
Krasnoyarsk Krasnoyarsk
65%
Stavropol Stavropol
65%
Tambov Tambov
65%
Tula Tula
65%
Voronezh Voronezh
65%
Yaroslavl Yaroslavl
65%
Khabarovsk Khabarovsk
62%
Kurgan Kurgan
62%
Saratov Saratov
62%
Tyumen Tyumen
62%
Ulyanovsk Ulyanovsk
62%
Kaluga Kaluga
59%
Kemerovo Kemerovo
59%
Vologda Vologda
53%
Crimea Simferopol
50%
Buryatia Ulan-Ude
50%
Dagestan Makhachkala
44%
Sakha Yakutsk
44%
North Ossetia–Alania Vladikavkaz
41%
Kamchatka Petropavlovsk-Kamchatsky
38%
Bashkortostan Ufa
38%
Altai Krai Barnaul
35%
Kalmykia Elista
32%
Altai Republic Gorno-Altaysk
32%
Tuva Kyzyl
32%
Kabardino-Balkaria Nalchik
32%
Karelia Petrozavodsk
32%
Khakassia Abakan
29%
Chuvashia Cheboksary
29%
Karachay-Cherkessia Cherkessk
29%
Zabaykalsky Chita
29%
Adygea Maykop
29%
Sakhalin Yuzhno-Sakhalinsk
29%
Jewish Autonomous Oblast Birobidzhan
26%
Udmutria Izhevsk
26%
Mordovia Saransk
26%
Mari El Yoshkar-Ola
26%
Chukotka Anadyr
21%
Amur Blagoveshchensk
21%
Ingushetia Magas
21%
Komi Syktyvkar
21%
Khanty-Mansi Khanty-Mansiysk
18%
Yamalo-Nenets Salekhard
12%
Nenets Naryan-Mar
9%
Sverdlovsk Yekaretinburg
6%
No matching quizzes found
Score Distribution
Percent of People with Each Score
Percentile by Number Answered
Your Score History
You have not taken this quiz